Die Störungen der Sprache 4. capitel : Vorbereitendes Stadium der Sprache durch Interjection und Lautnachahmung ; /

Elmentve itt :
Bibliográfiai részletek
Szerző: Kussmaul Adolf
Dokumentumtípus: Cikk
Megjelent: 1877
Sorozat:Kolligátum
Kulcsszavak:Patológia - tankönyv
Online Access:http://misc.bibl.u-szeged.hu/24145
LEADER 00618nab a2200169 i 4500
001 misc24145
005 20191111110717.0
008 170911s1877 hu o 0|| zxx d
040 |a SZTE Miscellanea Repozitórium  |b hun 
041 |a zxx 
100 1 |a Kussmaul Adolf 
245 1 4 |a Die Störungen der Sprache   |h [elektronikus dokumentum] :  |b 4. capitel : Vorbereitendes Stadium der Sprache durch Interjection und Lautnachahmung ; /  |c  Kussmaul Adolf 
260 |c 1877 
300 |a 6-9 
490 0 |a Kolligátum 
695 |a Patológia - tankönyv 
856 4 0 |u http://misc.bibl.u-szeged.hu/24145/1/010_024_006-009.pdf  |z Dokumentum-elérés